Proceedings of the seminar on industry experience in natural rubber processing (Record no. 40166)

MARC details
000 -LEADER
fixed length control field 00349nam a2200121Ia 4500
082 ## - DEWEY DECIMAL CLASSIFICATION NUMBER
Classification number NR:338.45:061.3
Item number PRO
245 #0 - TITLE STATEMENT
Title Proceedings of the seminar on industry experience in natural rubber processing
260 ## - PUBLICATION, DISTRIBUTION, ETC. (IMPRINT)
Place of publication Malaysia
Year of publication 1983
650 ## - SUBJECT ADDED ENTRY--TOPICAL TERM
Topical Term Crumb rubber
650 ## - SUBJECT ADDED ENTRY--TOPICAL TERM
Topical Term Sheet drying
942 ## - ADDED ENTRY ELEMENTS (KOHA)
Koha item type Books
Holdings
Withdrawn status Lost status Damaged status Not for loan Home library Current library Date acquired Cost, normal purchase price Full call number Accession Number Koha item type
        RRII Library RRII Library 16/12/2021 9.00 NR:338.45:061.3 PRO 20473 Books